Statistics for Things by Clue and Image #1

Click here to take the quiz!

General Stats

  • This quiz has been taken 34 times
  • The average score is 15 of 16

Answer Stats

Answer% Correct
A
97%
Black
97%
Giraffe
97%
Mask
97%
Pencil
97%
Road
97%
Russia
97%
Halloween
94%
North Korea
90%
Skull
90%
Teddy Bear
90%
Vatican City
90%
Book
87%
Ocean/Sea/Water
84%
Math
81%
Pikachu
74%

Score Distribution

Percentile by Number Answered

Percent of People with Each Score

Your Score History

You have not taken this quiz